|
|
|
|
| LEADER |
01128cam a2200301 7i4500 |
| 001 |
0000032583 |
| 005 |
20210303090000.0 |
| 008 |
210303b20022002caa# ### #00001eng## |
| 020 |
# |
# |
|a 0444510397 (v. 28B)
|
| 040 |
# |
# |
|a UMT
|
| 090 |
0 |
0 |
|a S 592.55
|b .S6 2002
|
| 245 |
0 |
0 |
|a Soil mineral-organic matter-microorganism interactions and ecosystem health
|c edited by A. Violante ... [et al.]..
|
| 264 |
# |
0 |
|a Amsterdam:
|b Elsevier,
|c 2002.
|
| 300 |
# |
# |
|a 2 v pages:
|b illustrations;
|c 25 cm.
|
| 336 |
# |
# |
|a text
|2 rdacontent
|
| 337 |
# |
# |
|a unmediated
|2 rdamedia
|
| 338 |
# |
# |
|a volume
|2 rdacarrier
|
| 490 |
0 |
# |
|a Developments in soil science
|
| 500 |
# |
# |
|a Papers presented at the 3rd Symposium on
|
| 590 |
# |
# |
|a Perpustakaan Sultanah Nur Zahirah
|
| 650 |
0 |
0 |
|a Soils --
|x Organic compound content --
|x Congresses
|
| 650 |
0 |
0 |
|a Soil ecology --
|x Congresses
|
| 650 |
0 |
0 |
|a Soil mineralogy --
|x Congresses
|
| 650 |
0 |
0 |
|a Soil microbiology --
|x Congresses
|
| 700 |
1 |
# |
|a Violante, A.
|
| 830 |
# |
0 |
|a Developments in soil science
|
| 999 |
|
|
|a 1100025790
|b Book
|c Open Shelf
|e KOLEKSI TERBUKA
|
| 999 |
|
|
|a 1100019168
|b Book
|c Open Shelf
|e KOLEKSI TERBUKA
|